000 00441nam a2200145 a 4500
001 000031219
005 20200930062800.0
008 110614s19-- 000 0 spa d
040 _aDO-SdBNP
_bspa
_cBNPHU
082 _axxxx
_bT342
245 0 3 _aEl testamento del Dr. Apolinar Tejera por ante de la corte de casación.
260 _aSanto Domingo :
_bVirgilio Montalvo Cabral, Editor,
_c[19--].
300 _a44 p. ;
_c24 cm.
049 _aBNPD
999 _c30711
_d30711